Ազնվության վկան : (Record no. 108827)
[ view plain ]
| 000 -LEADER | |
|---|---|
| fixed length control field | 00763nam a2200217 a 4500 |
| 001 - CONTROL NUMBER | |
| control field | 000296462 |
| 003 - CONTROL NUMBER IDENTIFIER | |
| control field | AM-YeHGA |
| 005 - DATE AND TIME OF LATEST TRANSACTION | |
| control field | 20250618071923.0 |
| 008 - FIXED-LENGTH DATA ELEMENTS--GENERAL INFORMATION | |
| fixed length control field | 031222s1988 ai |||||||||||||||1|arm|d |
| 020 ## - INTERNATIONAL STANDARD BOOK NUMBER | |
| International Standard Book Number | 5807700392 |
| 040 ## - CATALOGING SOURCE | |
| Original cataloging agency | AM-YeHGA |
| 041 0# - LANGUAGE CODE | |
| Language code of text/sound track or separate title | arm |
| 090 ## - LOCALLY ASSIGNED LC-TYPE CALL NUMBER (OCLC); LOCAL CALL NUMBER (RLIN) | |
| -- | 110159 |
| 100 1# - MAIN ENTRY--PERSONAL NAME | |
| Personal name | Սևոյան, Հրաչիկ Եզեկիմի, |
| Dates associated with a name | 1931-1993 |
| 9 (RLIN) | 2102 |
| 245 10 - TITLE STATEMENT | |
| Title | Ազնվության վկան : |
| Remainder of title | Լեգենդներ, առակներ, զրույցներ / |
| Statement of responsibility, etc. | Հ.Ե. Սևոյան ; Խմբ.՝ Գ.Ս. Օհանյան. |
| 260 ## - PUBLICATION, DISTRIBUTION, ETC. | |
| Place of publication, distribution, etc. | Երևան : |
| Name of publisher, distributor, etc. | Արևիկ, |
| Date of publication, distribution, etc. | 1988. |
| 300 ## - PHYSICAL DESCRIPTION | |
| Extent | 142 էջ ; |
| Dimensions | 16 սմ. |
| 650 14 - SUBJECT ADDED ENTRY--TOPICAL TERM | |
| Topical term or geographic name entry element | Հայ գրականություն |
| 700 1# - ADDED ENTRY--PERSONAL NAME | |
| Personal name | Օհանյան, Գևորգ Սմբատի, |
| Dates associated with a name | 1935-2016 |
| Relator term | խմբ. |
| Relationship | edt |
| 9 (RLIN) | 2842 |
| 942 ## - ADDED ENTRY ELEMENTS (KOHA) | |
| Source of classification or shelving scheme | Universal Decimal Classification |
| Koha item type | Գրքեր / Books |
| Withdrawn status | Lost status | Damaged status | Not for loan | Collection | Home library | Current library | Date acquired | Total checkouts | Full call number | Barcode | Date last seen | Cost, replacement price | Price effective from | Koha item type | Public note |
|---|---|---|---|---|---|---|---|---|---|---|---|---|---|---|---|
| General | Fundamental Scientific Library | Fundamental Scientific Library | 22/12/2016 | AI/18388 | FL0061482 | 22/12/2016 | 20.00 | 22/12/2016 | Գրքեր / Books | 30 Days Loan | |||||
| General | Fundamental Scientific Library | Fundamental Scientific Library | 22/12/2016 | AI/18582 | FL0062018 | 22/12/2016 | 20.00 | 22/12/2016 | Գրքեր / Books | 30 Days Loan |
ՀՀ Գիտությունների ազգային ակադեմիայի հիմնարար գիտական գրադարան = Fundamental Scientific Library of NAS RA
All site content, except where otherwise noted, is licensed under a